000 00504nam a2200181Ia 4500
001 21032
005 20260306172849.0
008 260306t2020||||xx |||||||||||||| ||spa||
041 _aESP
082 _a344
_bD84C
100 _aDivisión de Estudios Jurídicos de Gaceta Jurídica
_eAUT
245 0 _aCriterios jurisprudenciales de la Sala Penal Permanente de la Corte Suprema
260 _c2020
300 _a414 páginas :
_c25 cm.
650 _aGEN
654 _aCDE
942 _cLIB
_dJUS
_fJUS
_2ddc
_n
999 _c21032
_d21032